| 000 | 00519cab a2200205 4500 | ||
|---|---|---|---|
| 001 | X264 | ||
| 008 | 090401t1992 xxu||||| |||| 00| 0 eng d | ||
| 035 | _a(Sirsi) u97707 | ||
| 041 | _aeng | ||
| 100 | _aDenyer-Green, Barry P. D. | ||
| 245 | _aCompensation claims | ||
| 260 | _c1992 | ||
| 350 | _a0 | ||
| 490 |
_aCS Monthly : Rural Practice _v2(3) November 1992, 7(1) |
||
| 650 | _aEPPING FOREST DC | ||
| 650 | _aSTRANDMILL | ||
| 690 | _aPLANNING LAW AND PRACTICE-CASE LAW | ||
| 942 | _n0 | ||
| 948 | _c04/03/1997 | ||
| 999 |
_c59661 _d59661 |
||